Discrete Mathematics

Gespeichert in:
Bibliographische Detailangaben
1. Verfasser: Johnsonbaugh, Richard
Format: Buch
Sprache:Englisch
Veröffentlicht: New York MacMillan Publ. Co. 1990
Ausgabe:2. ed.
Schlagworte:
Tags: Tag hinzufügen
Keine Tags, Fügen Sie das erste Tag hinzu!

MARC

LEADER 00000nam a2200000 4500
001 c006151
005 20221215113557.1
020 |a 0-02-359690-2 
041 0 |a eng 
044 |a US 
245 1 0 |a Discrete Mathematics  |c Richard Johnsonbaugh 
250 |a 2. ed. 
264 1 |a New York  |b MacMillan Publ. Co.  |c 1990 
300 |a 705 s. 
610 2 0 |a matematika 
610 2 0 |a logika 
610 2 0 |a algoritmy 
610 2 0 |a teória grafov 
610 2 0 |a siete počítačové 
610 2 0 |a modely 
100 1 |a Johnsonbaugh, Richard